000 01608cad a22002415a 4500
001 L154725
008 120117e20120117xxkd f s f000 0 eng d
035 _a(Sirsi) u154725
041 0 _aeng
050 0 4 _a333.33 $2 18
110 1 _aUnited Kingdom
_bDepartment for Communities and Local Government
_94939
245 0 0 _aHouse price index
_bNovember 2011
_h[electronic resource]
260 _aLondon
_bDCLG
_c2012
490 0 _aDCLG House Price Index
_vNovember 2011
520 _aUK house prices decreased by 0.3% since November 2010 with no increase or decrease since October 2011. The mix-adjusted average house price was £205 796 in November 2011 (not seasonally adjusted). UK house prices increased by 0.2% in the quarter ending November 2011 with no change in the quarter ending August 2011(seasonally adjusted). Annual average house prices fell by 0.1%% in England, 0.8% in Scotland, 1.6% in Wales and 11.7% in Northern Ireland. Annual average house prices paid by first time buyers in November were 0.7% higher than a year ago. Average house prices paid by former owner occupiers decreased by 0.7%. Annual average house prices paid for new properties in November 2011 were 7.7% higher than a year ago. By comparison average house prices paid on pre-owned dwellings were 0.9% lower.
521 _aAdvanced
590 _aKA NTK
650 2 4 _aDCLG HOUSE PRICE INDEX
651 4 _aUnited Kingdom
_y
690 _aResidential property
_96266
856 4 0 _uhttps://www.communities.gov.uk/documents/statistics/pdf/2066836.pdf
_zView this item free of charge at www.communities.gov.uk
942 _n0
999 _c113120
_d113120